Countries by Flag Part - 1 - Statistics

General Stats
  • This quiz has been taken 18 times
  • The average score is 15 of 16
Answer Stats
Picture Answer % Correct
Australia
100%
Canada
100%
China
100%
Japan
100%
United Kingdom
100%
United States of America
100%
Bhutan
93%
India
93%
Netherlands
93%
New Zealand
93%
Russia
93%
England
86%
Pakistan
86%
Scotland
86%
Wales
86%
Northern Ireland
79%
No matching quizzes found
Score Distribution
Percent of People with Each Score
Percentile by Number Answered
Your Score History
You have not taken this quiz